Clinical chemistry : (Record no. 171209)

MARC details
000 -LEADER
fixed length control field 01020nam a22002777a 4500
003 - CONTROL NUMBER IDENTIFIER
control field OSt
005 - DATE AND TIME OF LATEST TRANSACTION
control field 20250128150515.0
008 - FIXED-LENGTH DATA ELEMENTS--GENERAL INFORMATION
fixed length control field 250128b |||||||| |||| 00| 0 eng d
020 ## - INTERNATIONAL STANDARD BOOK NUMBER
International Standard Book Number 9781455742141 (paperback)
040 ## - CATALOGING SOURCE
Original cataloging agency NUST
Language of cataloging eng
Transcribing agency NUST
Modifying agency NUST
Description conventions rda
050 ## - LIBRARY OF CONGRESS CALL NUMBER
Classification number RB40 LAR
100 ## - MAIN ENTRY--PERSONAL NAME
Personal name Larson, Donna
Relator term Author
245 ## - TITLE STATEMENT
Title Clinical chemistry :
Remainder of title fundamentals and laboratory techniques /
Statement of responsibility, etc. author, Donna Larson, consulting editors, Joshua Hayden,and Hari Nair,
260 ## - PUBLICATION, DISTRIBUTION, ETC.
Place of publication, distribution, etc. St. Louis, Missouri :
Name of publisher, distributor, etc. Elsevier/Saunders
Date of publication, distribution, etc. 2017.
300 ## - PHYSICAL DESCRIPTION
Extent xv, 719 pages ;
Dimensions 28 cm.
336 ## - CONTENT TYPE
Source rdamedia
Content type term text
Content type code txt
337 ## - MEDIA TYPE
Source rdamedia
Media type term unmediated
Media type code n
338 ## - CARRIER TYPE
Source rdamedia
Carrier type term volume
Carrier type code nc
504 ## - BIBLIOGRAPHY, ETC. NOTE
Bibliography, etc. note Includes bibliographical references and index
650 ## - SUBJECT ADDED ENTRY--TOPICAL TERM
Form subdivision Clinical chemistry
650 ## - SUBJECT ADDED ENTRY--TOPICAL TERM
Form subdivision Clinical chemistry -- Laboratory manuals
650 ## - SUBJECT ADDED ENTRY--TOPICAL TERM
Form subdivision Clinical Chemistry Tests.
700 ## - ADDED ENTRY--PERSONAL NAME
Personal name Hayden, Joshua (Joshua A.)
Relator term Editor
700 ## - ADDED ENTRY--PERSONAL NAME
Personal name Nair, Hari
Relator term Editor
942 ## - ADDED ENTRY ELEMENTS (KOHA)
Source of classification or shelving scheme Library of Congress Classification
Koha item type Ordinary Loan Books
Classification part RB40 LAR
Call number prefix RB
Call number suffix LAR
Suppress in OPAC No
Holdings
Withdrawn status Lost status Source of classification or shelving scheme Damaged status Not for loan Collection Home library Current library Shelving location Date acquired Source of acquisition Cost, normal purchase price Total Checkouts Full call number Barcode Date last seen Accession number Cost, replacement price Price effective from Koha item type Public note
    LCC     NFIC MEDICAL MEDICAL GEN 01/28/2025 Book Aid International 62.33   RB40 LAR 92004056730 01/28/2025 62543 62.33 01/28/2025 BOOKS Donation